Synonymes de stupidité - Statistiques

Statistiques générales
  • Ce quiz a été pris 136 fois
  • Le résultat moyen est 4 sur 32
Statistiques - réponses
Synonymes % Correct
bêtise
86%
connerie
78%
idiotie
71%
imbécilité
40%
sottise
29%
niaiserie
18%
absurdité
14%
crétinerie
13%
inintelligence
12%
nullité
10%
abrutissement
8%
ineptie
8%
aberration
7%
crétinisme
5%
abêtissement
3%
balourdise
3%
bourde
3%
brutalité
3%
gaffe
3%
impertinence
3%
insanité
3%
extravagance
2%
jobarderie
2%
lourdise
2%
bêlement
1%
coquesigrue
1%
couillonnade
1%
inélégance
1%
jobardise
1%
lourderie
1%
rusticité
1%
stupeur
1%
Aucun quiz correspondant
Distribution des résultats
% des personnes avec chaque résultat
Percentile par nombre de réponses
Votre historique - résultats
Vous n’avez pas pris ce quiz